| 000 | 00479nam a22001577a 4500 | ||
|---|---|---|---|
| 003 | PILC | ||
| 005 | 20160307105859.0 | ||
| 008 | 160307b xxu||||| |||| 00| 0 eng d | ||
| 020 | _a9789710167166 | ||
| 050 |
_aKPM 2832 _b.T112 2013 |
||
| 100 | _aTabag, Enrico D. | ||
| 245 |
_aIncome and business taxation / _cEnrico D. Tabag and Earl Jimson R. Garcia. |
||
| 260 |
_aValenzuela City : _bMaxCor Publishing House, _c2013. |
||
| 300 |
_a640 pages ; _c26 cm. |
||
| 942 |
_2lcc _cBK _kLOC |
||
| 999 |
_c291462 _d291462 |
||